| 000 | 00804nam a2200205 4500 | ||
|---|---|---|---|
| 005 | 20260504113243.0 | ||
| 010 | _a B-778042-8064 BACCHEN26 | ||
| 020 |
_a9789363998612 _c160.00 |
||
| 035 | _a B-778042-8064 | ||
| 037 | _bLittle Scholarz Pvt Ltd | ||
| 082 |
_21 _aS |
||
| 100 |
_aBurnett, Frances Hodgson _987804 |
||
| 245 |
_aThe Secret Garden/ _cFrances Hodgson Burnett |
||
| 250 | _a1 | ||
| 260 |
_aNew Delhi _bLittle Scholarz Pvt Ltd _c2025(Rep) |
||
| 270 |
_a12-H, New Daryaganj Road, Opp Officer 'Mess _bNew Delhi _e110002 _k91-11-23275224 |
||
| 300 |
_a216p. _b21cm(pb) |
||
| 942 |
_2ddc _cCH _hN _mBUR |
||
| 999 |
_c215194 _d215194 |
||